1619 1971 1689 1081 1365 1629 1683 1637 1326 1327 1206 1111 1510 1448 1734 1788 1619 1243 1510 1757 1628 1485 1292 1971 1670 1020 1203 1755 1471 1574 1764 1558 1120 1691 1125 1505 1833 1064 1112 1744 1333 1658 1896 1250 1616 1572 1185 1761 1930 1936 1899 1809 1431 1856 1909 1325 1363 1778 1396 1626 1852 1390 1326 1343 1603 1311 1719 1231 1994 1693 1686 1143 1001 1307 1949 1410 1130 1838 1953 1713 1459 1056 1144 1328 1374 1040 1039 1108 1105 1440 1348 1855 1650 1935 1873 1157 1671 1509 1501 BCNSPRNW ULIB Ver.6.0+V

เปลี่ยนเป็นภาษาไทย

Change to English
 แสดงรายละเอียดบรรณานุกรม
  กลับหน้าหลัก

Brief Record : Get Marc (ISO 2709) : E-mail record : QR code < ปิดหน้าต่าง
LEADER : 00000nam 2200000uu 4500
001    13399121613
003     ULIB
008    121127s||||||||th 000 0 tha d
020    ^a9789740475453
060 04 ^aWC536^bม691ร 2551
100 0  ^aมาลินี ศรีคำม้วน
245 10 ^aรู้จริง รู้ชัด ไวรัสตับอักเสบ =^bViral hepatitis /^cมาลินี ศรีคำม้วน ; บรรณาธิการ, เอื้อมพร สกุลแก้ว
246 31 ^aViral hepatitis
250    ^aพิมพ์ครั้งที่ 3
260    ^aกรุงเทพฯ :^bใกล้หมอ,^c2551
300    ^a255 หน้า :^bภาพประกอบ ;^c21 ซม.
650  7 ^aไวรัสตับอักเสบ
700 0  ^aเอื้อมพร สกุลแก้ว,^eบรรณาธิการ
945    ^p199^l0^i15422
995    ^aกัณชพร
999 ^a ใช้งานได้ทุกระบบ
รายการนี้ยังไม่มีแท็ก
คุณยังไม่ได้ล็อกอิน คุณสามารถมีกิจกรรมร่วมกับเว็บไซต์ได้ แต่ต้องล็อกอินก่อน ::
  ล็อกอิน

รายการสื่อสารสนเทศ

ลำดับที่ ประเภท เลขเรียก/บาร์โค้ด สถานที่ สถานะ
1. วิทยาศาสตร์การแพทย์ และสุขภาพ
วิทยาศาสตร์การแพทย์ และสุขภาพ
WC536 ม691ร 2551  
  Barcode: 15422
ห้องสมุดวิทยาเขตสวรรค์ประชารักษ์
►ส่วนจัดเก็บหนังสือเก่า สปร
บนชั้น
  ขอยืม

รายการใกล้เคียง
    ผู้แต่ง [มาลินี ศรีคำม้วน]

    หัวเรื่อง [ไวรัสตับอักเสบ]

BibComment


ยังไม่เคยถูกคอมเมนท์

คอมเมนท์ทรัพยากรรายการนี้
  คอมเมนท์: รู้จริง รู้ชัด ไ..


 Copyright 2026. Bcnsprnw @Library